[Event "PRO League Group Stage"]
[Site "chess.com INT"]
[Date "2018.02.04"]
[Round "4"]
[White "Kunitson, Nikolai"]
[Black "Connell, Blair N"]
[Result "1/2-1/2"]
[WhiteElo "2053"]
[BlackElo "2234"]
[WhiteTeam "Estonia Horses"]
[BlackTeam "London Towers"]
[WhiteFideId "4502426"]
[BlackFideId "403725"]
[EventDate "2018.01.18"]

1. e4 e5 2. Nf3 Nc6 3. Bb5 Nge7 4. O-O g6 5. c3 Bg7 6. Re1 O-O 7. d3 d6 8. Nbd2
h6 9. Nf1 d5 10. Qe2 Be6 11. Bd2 Qd6 12. Rad1 Rad8 13. a3 a6 14. Ba4 dxe4 15.
dxe4 Qd3 16. Qxd3 Rxd3 17. Bc2 Rd7 18. Be3 Rfd8 19. Rxd7 Rxd7 20. b4 Nc8 21. Ba4
b5 22. Bc2 Nd6 23. N1d2 f5 24. Bc5 f4 25. a4 Nc4 26. Nxc4 Bxc4 27. h3 Kf7 28.
Ra1 Nd8 29. axb5 axb5 30. Ra7 Ne6 31. Bb6 Ke7 32. Ba5 g5 33. g3 Kd6 34. Ra6+ Ke7
35. Ra7 Kd6 36. Nd2 Be2 37. Kg2 Bf6 38. Bb3 Ke7 39. Nf3 c6 40. Bb6 Rxa7 41. Bxa7
Kd6 42. Bb8+ Nc7 43. Nd2 Bd8 44. c4 c5 45. cxb5 Bxb5 46. bxc5+ Kxc5 47. Nf3 Kd6
48. Nd2 Bf6 49. Kf3 h5 50. g4 hxg4+ 51. Kxg4 Bd7+ 52. Kh5 Bxh3 53. Nc4+ Kd7 54.
Nb6+ Kc6 55. Bxc7 g4 56. Nd5 g3 57. Ba4+ Kb7 58. fxg3 fxg3 59. Bb6 Bg7 60. Kh4
Be6 61. Be3 g2 62. Kg3 Bf7 63. Kxg2 Bh5 64. Kg3 Kc8 65. Bc5 Bh6 66. Bc6 Bf7 67.
Bd6 Kd8 68. Bxe5 Bf8 69. Bf6+ Kc8 70. Kf4 Bd6+ 71. e5 Ba3 72. Kf5 Bh5 73. e6 Bc5
74. Bc3 Bd1 75. Ke5 Ba3 76. Bb4 Bb2+ 77. Kd6 Bh5 78. Bc5 Kb8 79. Bb6 Bc1 80. Kd7
Bg4 81. Kd6 Bg5 82. Be3 Bh4 83. Bf4 Ka7 84. Be3+ Kb8 85. Bd4 Bg3+ 86. Be5 Bxe5+
87. Kxe5 Bxe6 88. Kxe6 Ka7 89. Kd6 Ka6 90. Kc5 Ka5 91. Nc3 Ka6 92. Ne4 Ka5 93.
Nd6 Ka6 94. Nc4 Ka7 95. Kb5 Kb8 96. Nd6 Kc7 97. Kc5 Kd8 98. Nf5 Kc7 99. Nd4 Kd8
100. Kd6 Kc8 101. Ne6 Kb8 102. Kd7 Ka7 103. Kc7 Ka6 104. Kd6 Ka5 105. Kc5 Ka6
106. Nd8 Ka5 107. Nb7+ Ka6 108. Nd6 Ka5 109. Ne4 Ka6 110. Nc3 Ka5 111. Nd5 Ka6
112. Kb4 Ka7 113. Kb5 Kb8 114. Nf6 Kc7 115. Kc5 Kd8 116. Kd6 Kc8 117. Bd7+ Kb8
118. Kc6 Ka7 119. Nd5 Ka6 120. Kc5 Ka5 121. Be8 Ka6 122. Bb5+ Kb7 123. Kd6 Kc8
124. Bc6 Kd8 125. Ne7 1/2-1/2

[Event "PRO League Group Stage"]
[Site "chess.com INT"]
[Date "2018.02.04"]
[Round "4"]
[White "Fontaine, Robert"]
[Black "Carlsen, Magnus"]
[Result "0-1"]
[WhiteTitle "GM"]
[BlackTitle "GM"]
[WhiteElo "2563"]
[BlackElo "2834"]
[WhiteTeam "Cannes Blockbusters"]
[BlackTeam "Norway Gnomes"]
[WhiteFideId "605590"]
[BlackFideId "1503014"]
[EventDate "2018.01.18"]

1. e4 e6 2. d4 d5 3. Bd3 c5 4. exd5 exd5 5. Nf3 Nf6 6. O-O c4 7. Re1+ Be7 8. Be2
O-O 9. b3 cxb3 10. axb3 Nc6 11. c3 Re8 12. Nbd2 Bd6 13. Bd3 Bg4 14. Rxe8+ Qxe8
15. Nf1 Ne4 16. Bb2 Bf4 17. Be2 Qe6 18. b4 Ne7 19. Ng5 Bxh2+ 20. Nxh2 Bxe2 21.
Nxe6 Bxd1 22. Nxg7 Kxg7 23. Rxd1 Rc8 24. Rd3 Nf5 25. Nf1 h5 26. f3 Ned6 27. g4
hxg4 28. fxg4 Ne7 29. Ne3 Nc4 30. Nxc4 dxc4 31. Rf3 Nd5 32. Bc1 Rc6 33. Bd2 Rf6
34. Rh3 Rg6 35. Rh5 Nf6 36. Ra5 Ne4 37. Be1 Rxg4+ 38. Kf1 a6 39. Re5 Nf6 40. Re7
Rf4+ 41. Kg2 Re4 42. Rxe4 Nxe4 43. Kf3 Nd6 44. Kf4 Kf6 45. d5 Ke7 46. Bh4+ f6
47. Bf2 Nb5 48. Be1 Kd6 49. Ke4 b6 50. Bg3+ Kd7 51. d6 Nxc3+ 52. Kd4 Ne2+ 0-1

[Event "PRO League Group Stage"]
[Site "chess.com INT"]
[Date "2018.02.04"]
[Round "4"]
[White "Olafsson, Helgi"]
[Black "Volodin, Aleksandr"]
[Result "0-1"]
[WhiteTitle "GM"]
[BlackTitle "GM"]
[WhiteElo "2508"]
[BlackElo "2462"]
[WhiteTeam "Reykjavik Puffins"]
[BlackTeam "Estonia Horses"]
[WhiteFideId "2300010"]
[BlackFideId "4501950"]
[EventDate "2018.01.18"]

1. Nf3 d5 2. d4 Nf6 3. c4 e6 4. g3 Bb4+ 5. Bd2 Be7 6. Bg2 c6 7. Qc2 Nbd7 8. O-O
O-O 9. Na3 Ne4 10. Rfd1 h6 11. Be1 f5 12. b4 a5 13. Qb3 axb4 14. Nc2 Nb6 15. c5
Nc4 16. Bxb4 Bf6 17. Ne3 Nxe3 18. Qxe3 g5 19. Ne5 Bg7 20. f3 Nf6 21. a4 Bd7 22.
a5 Be8 23. Rab1 Nd7 24. Nd3 Qe7 25. Be1 Ra7 26. Rb4 e5 27. dxe5 Nxe5 28. Rdb1
Rf7 29. R4b3 Nc4 30. Qxe7 Rxe7 31. Bf1 Bd4+ 32. Bf2 Bxf2+ 33. Kxf2 Nd2 34. a6
Nxb1 35. Rxb1 Rxa6 36. Bh3 Ra2 37. Nc1 Rc2 38. Bxf5 Rxc5 39. Bd3 Rc3 40. Ke1 c5
41. Kd2 Ra3 42. Rb6 c4 43. Bf5 Kg7 44. Rd6 Bf7 45. e4 Rxf3 0-1

[Event "PRO League Group Stage"]
[Site "chess.com INT"]
[Date "2018.02.04"]
[Round "4"]
[White "Olafsson, Helgi"]
[Black "Plat, Vojtech"]
[Result "0-1"]
[WhiteTitle "GM"]
[BlackTitle "GM"]
[WhiteElo "2508"]
[BlackElo "2569"]
[WhiteTeam "Reykjavik Puffins"]
[BlackTeam "Riga Magicians"]
[WhiteFideId "2300010"]
[BlackFideId "325740"]
[EventDate "2018.01.18"]

1. Nf3 g6 2. d4 Nf6 3. c4 Bg7 4. g3 d5 5. cxd5 Nxd5 6. Bg2 Nb6 7. Nc3 Nc6 8. e3
O-O 9. O-O e5 10. d5 Na5 11. e4 c6 12. Bg5 f6 13. Be3 cxd5 14. Bxb6 axb6 15.
Qxd5+ Kh8 16. Rfd1 Qe7 17. Qb5 Qc5 18. Rac1 Bg4 19. Qe2 Nc6 20. Nb5 Qe7 21. a3
Rad8 22. h3 Be6 23. b4 Bh6 24. Rb1 Rxd1+ 25. Rxd1 Rd8 26. Qc2 Rd7 27. Bf1 Qd8
28. Rxd7 Qxd7 29. h4 Bg4 30. Be2 f5 31. Ng5 Bxe2 32. Qxe2 Bxg5 33. hxg5 f4 34.
Kg2 Nd8 35. Nc3 Ne6 36. Qg4 fxg3 37. Nd5 gxf2 38. Kxf2 Kg7 39. Qg3 Qd6 40. Qh4
Qd8 41. Qh6+ Kh8 42. Nf6 Qc7 43. Kg3 Qf7 44. Kg4 Nf4 45. Kh4 b5 46. Kg3 Qb3+ 47.
Kg4 Qd1+ 48. Kg3 Qg1+ 0-1

[Event "PRO League Group Stage"]
[Site "chess.com INT"]
[Date "2018.02.04"]
[Round "4"]
[White "Fontaine, Robert"]
[Black "Ghosh, Diptayan"]
[Result "0-1"]
[WhiteTitle "GM"]
[BlackTitle "GM"]
[WhiteElo "2563"]
[BlackElo "2556"]
[WhiteTeam "Cannes Blockbusters"]
[BlackTeam "Mumbai Movers"]
[WhiteFideId "605590"]
[BlackFideId "5045207"]
[EventDate "2018.01.18"]

1. g4 d5 2. Bg2 c6 3. g5 e5 4. h4 h6 5. d3 hxg5 6. hxg5 Rxh1 7. Bxh1 Be6 8. Nd2
Qxg5 9. Ndf3 Qh5 10. Bg2 Nd7 11. e4 Ngf6 12. Ng5 Bg4 13. f3 Qh2 14. Kf1 Bc5 15.
Ne2 Be6 16. d4 exd4 17. Bf4 Qh4 18. Nxe6 fxe6 19. Bg3 Qh6 20. Nxd4 Nh5 21. Bf2
Nf4 22. Be3 g5 23. exd5 cxd5 24. b4 Bb6 25. a4 Ne5 26. a5 Nc4 27. Bg1 Bc7 28.
Qe1 Kf7 29. Rd1 Rh8 30. Qg3 Be5 31. Qg4 Qf6 32. Nxe6 Qxe6 33. Qxe6+ Kxe6 34. b5
b6 35. axb6 axb6 36. Kf2 Ra8 37. Bf1 Ra2 38. Rc1 Bd4+ 39. Kg3 Bxg1 40. Kg4 Be3
41. Re1 Ne5+ 42. Kg3 Bc5 43. c3 Bf2+ 0-1

[Event "PRO League Group Stage"]
[Site "chess.com INT"]
[Date "2018.02.04"]
[Round "4"]
[White "Olafsson, Helgi"]
[Black "Andreikin, Dmitry"]
[Result "0-1"]
[WhiteTitle "GM"]
[BlackTitle "GM"]
[WhiteElo "2508"]
[BlackElo "2712"]
[WhiteTeam "Reykjavik Puffins"]
[BlackTeam "Volga Stormbringers"]
[WhiteFideId "2300010"]
[BlackFideId "4158814"]
[EventDate "2018.01.18"]

1. Nf3 c5 2. c4 Nc6 3. d4 cxd4 4. Nxd4 Nf6 5. Nc3 e6 6. Ndb5 d6 7. Bf4 e5 8. Bg5
a6 9. Na3 Be6 10. g3 Qb6 11. Na4 Qa5+ 12. Bd2 Qd8 13. Bg2 d5 14. cxd5 Bxd5 15.
Bxd5 Qxd5 16. O-O Rd8 17. Bg5 Qa5 18. Qb3 Nd4 19. Qxb7 Qxa4 20. Bxf6 gxf6 21. e3
Qc6 22. Qxc6+ Nxc6 23. Nc4 Be7 24. Rac1 e4 25. a3 Rg8 26. Rc3 Rg5 27. Rfc1 Ne5
28. Nb6 Rd2 29. b4 Rf5 30. Rf1 Ng4 31. Rc8+ Rd8 32. Rxd8+ Bxd8 33. Nc4 Rd5 34.
Rc1 f5 35. Rc2 Kd7 36. Nd2 Ne5 37. Nb3 Nf3+ 0-1

[Event "PRO League Group Stage"]
[Site "chess.com INT"]
[Date "2018.02.04"]
[Round "4"]
[White "Gunnarsson, Jon Viktor"]
[Black "Sharafiev, Azat"]
[Result "0-1"]
[WhiteTitle "IM"]
[BlackTitle "IM"]
[WhiteElo "2466"]
[BlackElo "2432"]
[WhiteTeam "Reykjavik Puffins"]
[BlackTeam "Volga Stormbringers"]
[WhiteFideId "2300931"]
[BlackFideId "4186214"]
[EventDate "2018.01.18"]

1. e4 Nc6 2. Nf3 d6 3. d4 Nf6 4. Nc3 g6 5. Bg5 Bg7 6. Qd2 h6 7. Be3 Ng4 8. Bc4
Nxe3 9. fxe3 e6 10. O-O O-O 11. a3 b6 12. Rf2 Bb7 13. Raf1 Qe7 14. Ne2 Kh7 15.
Ng3 Rad8 16. c3 Nb8 17. Bd3 Nd7 18. h4 e5 19. h5 Nf6 20. hxg6+ fxg6 21. d5 Ng4
22. Re2 Bc8 23. Nh1 h5 24. Ree1 Bh6 25. Nf2 Rxf3 26. gxf3 Nxe3 27. Rxe3 Qg5+ 28.
Ng4 hxg4 29. f4 exf4 30. Ree1 g3 31. e5 f3 32. Qxg5 f2+ 33. Kh1 Bxg5 34. Re4 Bh3 0-1

[Event "PRO League Group Stage"]
[Site "chess.com INT"]
[Date "2018.02.04"]
[Round "4"]
[White "Villegas, Pierre"]
[Black "Lalith, Babu M R"]
[Result "0-1"]
[WhiteTitle "FM"]
[BlackTitle "GM"]
[WhiteElo "2320"]
[BlackElo "2542"]
[WhiteTeam "Cannes Blockbusters"]
[BlackTeam "Delhi Dynamite"]
[WhiteFideId "654183"]
[BlackFideId "5024595"]
[EventDate "2018.01.18"]

1. d4 Nf6 2. c4 e6 3. Nf3 b6 4. g3 Ba6 5. Qc2 Bb7 6. Bg2 c5 7. dxc5 Bxc5 8. O-O
O-O 9. Nc3 d6 10. a3 a5 11. b3 Nbd7 12. Bb2 d5 13. cxd5 Nxd5 14. Nxd5 Bxd5 15.
e4 Bb7 16. Rad1 Qe7 17. a4 Rac8 18. Qb1 Rfd8 19. Ne5 Ba6 20. Rfe1 Nxe5 21. Bxe5
Bxf2+ 0-1

[Event "PRO League Group Stage"]
[Site "chess.com INT"]
[Date "2018.02.04"]
[Round "4"]
[White "Gunnarsson, Jon Viktor"]
[Black "Haug, Johannes"]
[Result "1-0"]
[WhiteTitle "IM"]
[BlackTitle "FM"]
[WhiteElo "2466"]
[BlackElo "2357"]
[WhiteTeam "Reykjavik Puffins"]
[BlackTeam "Oslo Trolls"]
[WhiteFideId "2300931"]
[BlackFideId "1509268"]
[EventDate "2018.01.18"]

1. e4 e6 2. d4 d5 3. Bd3 dxe4 4. Bxe4 Nf6 5. Bf3 c5 6. Ne2 Nc6 7. Be3 cxd4 8.
Nxd4 Nd5 9. Nxc6 bxc6 10. c4 Nb4 11. Nc3 Be7 12. Qxd8+ Bxd8 13. O-O-O Bb7 14. a3
Na6 15. Nb5 Be7 16. Nd6+ Bxd6 17. Rxd6 Nb8 18. Rhd1 O-O 19. Rd8 Na6 20. Rxa8
Bxa8 21. Bxa7 c5 22. Rd6 Bxf3 23. gxf3 Nc7 24. Bxc5 Rc8 25. Rc6 1-0

[Event "PRO League Group Stage"]
[Site "chess.com INT"]
[Date "2018.02.04"]
[Round "4"]
[White "Gunnarsson, Jon Viktor"]
[Black "Kukk, Sander"]
[Result "1-0"]
[WhiteTitle "IM"]
[WhiteElo "2466"]
[BlackElo "2178"]
[WhiteTeam "Reykjavik Puffins"]
[BlackTeam "Estonia Horses"]
[WhiteFideId "2300931"]
[BlackFideId "4502094"]
[EventDate "2018.01.18"]

1. e4 g6 2. d4 Bg7 3. Nc3 d6 4. f4 Nf6 5. Nf3 O-O 6. Bd3 Nc6 7. e5 dxe5 8. fxe5
Nd5 9. Nxd5 Qxd5 10. c3 Bg4 11. O-O Rad8 12. Qb3 Qxb3 13. axb3 Nxe5 14. Nxe5
Bxe5 15. Be4 Bg7 16. Bxb7 Rd6 17. Bf4 Rb6 18. Bd5 c6 19. Bc4 Rb7 20. Ra6 c5 21.
dxc5 e5 22. Be3 Kh8 23. c6 Rc7 24. b4 f5 25. b5 f4 26. Rxa7 Rcc8 27. Bc5 e4 28.
Rxg7 Kxg7 29. Bxf8+ 1-0

[Event "PRO League Group Stage"]
[Site "chess.com INT"]
[Date "2018.02.04"]
[Round "4"]
[White "Villegas, Pierre"]
[Black "Mohammad, Nubairshah Shaikh"]
[Result "0-1"]
[WhiteTitle "FM"]
[BlackTitle "IM"]
[WhiteElo "2320"]
[BlackElo "2380"]
[WhiteTeam "Cannes Blockbusters"]
[BlackTeam "Mumbai Movers"]
[WhiteFideId "654183"]
[BlackFideId "5053196"]
[EventDate "2018.01.18"]

1. d4 d5 2. c4 c6 3. Nf3 f6 4. e3 Bg4 5. Nc3 e6 6. Be2 Bd6 7. O-O Ne7 8. e4 O-O
9. cxd5 cxd5 10. exd5 exd5 11. Qb3 Nbc6 12. Nxd5 Nxd5 13. Qxd5+ Kh8 14. Kh1 Re8
15. Be3 Nb4 16. Qb3 Be6 17. Bc4 Bxc4 18. Qxc4 Rc8 19. Qb3 Qa5 20. a3 Qd5 21.
Qxd5 Nxd5 22. Rac1 Rxc1 23. Rxc1 h5 24. Bd2 Kh7 25. Kg1 g5 26. Kf1 Kg6 27. g3
Kf5 28. Re1 Rc8 29. Rc1 Rxc1+ 30. Bxc1 Ke4 31. Ke2 g4 32. Nh4 Ne7 33. Be3 a6 34.
f3+ Kd5 35. Kd3 Bc7 36. fxg4 hxg4 37. Ng2 Nf5 38. Bf4 Bb6 39. Ne3+ Nxe3 40. Bxe3
f5 41. b3 Ba7 42. a4 b5 43. a5 b4 44. Bf2 Bb8 45. Be1 Bd6 46. Bd2 Be7 47. Be1
Bf6 48. Bxb4 Bxd4 49. Bd2 Bg1 50. b4 Bxh2 51. Bf4 Bg1 52. Bb8 Bf2 53. Kc3 Be1+
54. Kb3 Bd2 55. Ka4 Kc4 56. Bd6 Be1 57. Ka3 Kd5 58. Bf4 Kc4 59. Bd6 Bd2 60. Ka4
Bc1 61. Be5 f4 62. gxf4 g3 63. f5 g2 64. Bh2 Bb2 65. Bg1 Bd4 66. Bh2 Bc3 67. Bg1
Be5 68. b5 axb5+ 69. Ka3 Bd4 70. Bh2 Kc3 71. a6 b4+ 72. Ka4 b3 73. f6 b2 74. f7
b1=Q 75. f8=Q Qb3+ 76. Ka5 Bb6# 0-1

[Event "PRO League Group Stage"]
[Site "chess.com INT"]
[Date "2018.02.04"]
[Round "4"]
[White "Petrosyan, Manuel"]
[Black "Klein, David"]
[Result "0-1"]
[WhiteTitle "GM"]
[BlackTitle "GM"]
[WhiteElo "2570"]
[BlackElo "2501"]
[WhiteTeam "Armenia Eagles"]
[BlackTeam "Amsterdam Mosquitoes"]
[WhiteFideId "13300857"]
[BlackFideId "1003623"]
[EventDate "2018.01.18"]

1. d4 f5 2. Nc3 Nf6 3. Bg5 d5 4. Bxf6 exf6 5. e3 Be6 6. Qf3 Nc6 7. Bb5 Qd6 8.
Nge2 O-O-O 9. h4 h5 10. Qf4 Ne7 11. Qxd6 Rxd6 12. Bd3 Kb8 13. O-O-O Rd8 14. Kb1
g6 15. Rc1 Nc8 16. Nf4 Bf7 17. Rce1 c6 18. a3 Nd6 19. f3 Bh6 20. g3 Rhe8 21. Kc1
Kc7 22. b3 Rd7 23. Kd2 Rh8 24. a4 a5 25. Nce2 Ne4+ 26. fxe4 fxe4 27. Bxe4 dxe4
28. c4 Bf8 29. Kc2 g5 30. Nh3 Be7 31. Ref1 Bg6 32. Rhg1 Bd8 33. Rf2 Rg7 34. Rgf1
Be8 35. hxg5 fxg5 36. Rf8 Rxf8 37. Rxf8 Bd7 38. Nf2 h4 39. g4 Be7 40. Rh8 Rf7
41. Nxe4 Bxg4 42. N2c3 Bf5 43. d5 g4 44. d6+ Bxd6 45. Rxh4 g3 46. Kd2 g2 47. Ne2
Bb4+ 48. N4c3 Rg7 49. Ng1 c5 50. e4 Rg3 51. exf5 Bxc3+ 52. Ke2 Bd4 53. f6 Bxg1
54. f7 Re3+ 55. Kd2 Rf3 56. Rg4 Rxf7 57. Rxg2 Rf2+ 58. Rxf2 Bxf2 59. Kd3 Bd4 60.
Ke4 Kd6 61. Kf5 b6 62. Kf4 Ke6 63. Ke4 Bc3 64. Kf4 Bd2+ 65. Ke4 Bh6 0-1

[Event "PRO League Group Stage"]
[Site "chess.com INT"]
[Date "2018.02.04"]
[Round "4"]
[White "Petrosyan, Manuel"]
[Black "Gunnarsson, Jon Viktor"]
[Result "1-0"]
[WhiteTitle "GM"]
[BlackTitle "IM"]
[WhiteElo "2570"]
[BlackElo "2466"]
[WhiteTeam "Armenia Eagles"]
[BlackTeam "Reykjavik Puffins"]
[WhiteFideId "13300857"]
[BlackFideId "2300931"]
[EventDate "2018.01.18"]

1. Nf3 c5 2. c4 g6 3. d4 cxd4 4. Nxd4 Bg7 5. e4 Nc6 6. Be3 d6 7. Nc3 Nf6 8. Be2
O-O 9. O-O Nxd4 10. Bxd4 a5 11. Qd2 a4 12. f3 Be6 13. Rfc1 Qa5 14. Rd1 Rfc8 15.
Nd5 Bxd5 16. exd5 Qxd2 17. Rxd2 Nd7 18. Re1 Nc5 19. Bf1 Rc7 20. Bxg7 Kxg7 21. a3
Nb3 22. Rc2 Rac8 23. Rc3 Kf8 24. h4 h5 25. Re4 Rc5 26. Kf2 Nd2 27. Rd4 Nxf1 28.
Kxf1 Rb8 29. b4 axb3 30. Rxb3 Rbc8 31. Rb4 R8c7 32. Ke2 Kg7 33. Kd3 Ra5 34. a4
Ra8 35. Re4 Kf6 36. Re2 Ra5 37. Reb2 Ra8 38. g4 hxg4 39. fxg4 Rh8 40. g5+ Kg7
41. Rxb7 Rc5 42. Rh2 Ra8 43. Rxe7 Rxa4 44. Rf2 Raxc4 45. Rexf7+ 1-0

[Event "PRO League Group Stage"]
[Site "chess.com INT"]
[Date "2018.02.04"]
[Round "4"]
[White "Villegas, Pierre"]
[Black "Petrosyan, Manuel"]
[Result "0-1"]
[WhiteTitle "FM"]
[BlackTitle "GM"]
[WhiteElo "2320"]
[BlackElo "2570"]
[WhiteTeam "Cannes Blockbusters"]
[BlackTeam "Armenia Eagles"]
[WhiteFideId "654183"]
[BlackFideId "13300857"]
[EventDate "2018.01.18"]

1. d4 Nf6 2. c4 e6 3. Nc3 Bb4 4. Qc2 O-O 5. a3 Bxc3+ 6. Qxc3 b6 7. Bg5 h6 8. Bh4
Bb7 9. f3 d5 10. e3 Nbd7 11. cxd5 Nxd5 12. Bxd8 Nxc3 13. Bh4 Nd5 14. Bf2 f5 15.
Bb5 c6 16. Ba4 b5 17. Bb3 c5 18. Ne2 c4 19. Bc2 a5 20. O-O b4 21. e4 fxe4 22.
fxe4 N5f6 23. e5 Ng4 24. Ng3 Nb6 25. Ne4 b3 26. Bb1 Nxf2 27. Rxf2 Rxf2 28. Kxf2
Rf8+ 29. Ke2 Na4 30. Nd6 Bxg2 31. Nxc4 Bf1+ 0-1

[Event "PRO League Group Stage"]
[Site "chess.com INT"]
[Date "2018.02.04"]
[Round "4"]
[White "Villegas, Pierre"]
[Black "Hansen, Torbjorn Ringdal"]
[Result "0-1"]
[WhiteTitle "FM"]
[BlackTitle "GM"]
[WhiteElo "2320"]
[BlackElo "2410"]
[WhiteTeam "Cannes Blockbusters"]
[BlackTeam "Norway Gnomes"]
[WhiteFideId "654183"]
[BlackFideId "1501720"]
[EventDate "2018.01.18"]

1. d4 Nf6 2. c4 g6 3. Nf3 Bg7 4. e3 O-O 5. Be2 d6 6. O-O c5 7. d5 e6 8. Nc3 exd5
9. cxd5 Na6 10. Nd2 Nc7 11. e4 Bd7 12. a4 Na6 13. Nc4 Ne8 14. Bf4 Qe7 15. f3 Nb4
16. Nb5 Bxb5 17. axb5 Bd4+ 18. Kh1 f5 19. Nb6 Rd8 20. Rxa7 fxe4 21. fxe4 Qxe4
22. Bg5 Nf6 23. Rxb7 Rde8 24. Bf3 Qd3 25. Bh6 Ng4 26. Qxd3 Nxd3 27. Bxf8 Ndf2+
28. Kg1 Nh3+ 29. Kh1 Ngf2+ 0-1

[Event "PRO League Group Stage"]
[Site "chess.com INT"]
[Date "2018.02.04"]
[Round "4"]
[White "Mohammad, Nubairshah Shaikh"]
[Black "Sebenik, Matej"]
[Result "0-1"]
[WhiteTitle "IM"]
[BlackTitle "GM"]
[WhiteElo "2380"]
[BlackElo "2551"]
[WhiteTeam "Mumbai Movers"]
[BlackTeam "Ljubljana Turtles"]
[WhiteFideId "5053196"]
[BlackFideId "14602296"]
[EventDate "2018.01.18"]

1. d4 Nf6 2. c4 e6 3. Nc3 Bb4 4. e3 O-O 5. Ne2 d5 6. a3 Be7 7. cxd5 exd5 8. g3
a5 9. Bg2 Na6 10. O-O c6 11. Qc2 Re8 12. Bd2 Bf8 13. Rad1 b5 14. Bc1 Bg4 15. f3
Bh5 16. Nf4 Bg6 17. e4 b4 18. Nxg6 hxg6 19. Na4 Rc8 20. Bh3 dxe4 21. Bxc8 Qxc8
22. fxe4 Nxe4 23. Rde1 f5 24. Qc4+ Kh7 25. Rf4 g5 26. Rff1 Bd6 27. Qf7 Rf8 28.
Nb6 Qd8 29. Qh5+ Kg8 30. Nc4 Bb8 31. Rd1 Ba7 32. Kh1 Qd5 33. Qf3 Qxc4 34. g4 Qd5
35. Kg2 f4 36. Rfe1 Nf6 37. Re5 Qxf3+ 38. Kxf3 Nd5 39. axb4 Naxb4 40. Rxg5 Nc2
41. Rg6 Nxd4+ 42. Rxd4 Bxd4 43. Rxc6 Be3 44. Rd6 Bxc1 45. Rxd5 a4 46. Rb5 Rd8
47. Rb4 Rd3+ 48. Ke4 Rb3 49. Rxa4 f3 50. Ra8+ Kh7 51. Rf8 Rxb2 52. Rxf3 Rxh2 53.
Rc3 Bg5 54. Kf5 Bf6 55. Rf3 Kh6 56. Rf1 Bg5 57. Rf3 Rh4 58. Rg3 g6+ 59. Ke6 Bf4
60. Rg1 Kg5 61. Kf7 Rh7+ 62. Ke6 Ra7 63. Rg2 Ra6+ 64. Kf7 Ra7+ 65. Ke6 Kh4 66.
Rg1 g5 67. Kf5 Ra5+ 68. Kg6 Bg3 69. Rb1 Kxg4 70. Rb6 Rd5 71. Ra6 Rd6+ 72. Rxd6
Bxd6 73. Kf7 Kf4 74. Ke6 g4 75. Kxd6 g3 76. Ke6 g2 77. Kf7 g1=Q 78. Kf6 Qb6+ 79.
Kf7 Kf5 80. Kf8 Qc7 81. Kg8 Kg6 82. Kh8 Qc8# 0-1

[Event "PRO League Group Stage"]
[Site "chess.com INT"]
[Date "2018.02.04"]
[Round "4"]
[White "Mohammad, Nubairshah Shaikh"]
[Black "Rendle, Thomas E"]
[Result "1-0"]
[WhiteTitle "IM"]
[BlackTitle "IM"]
[WhiteElo "2380"]
[BlackElo "2362"]
[WhiteTeam "Mumbai Movers"]
[BlackTeam "London Towers"]
[WhiteFideId "5053196"]
[BlackFideId "408760"]
[EventDate "2018.01.18"]

1. d4 f5 2. c4 Nf6 3. Nf3 g6 4. Bf4 Bg7 5. e3 O-O 6. Nc3 d6 7. h3 e6 8. Bh2 Qe7
9. Be2 Nbd7 10. O-O b6 11. Nb5 Ne8 12. Nd2 c6 13. Bf3 Bb7 14. Qb3 e5 15. dxe5
dxe5 16. Nc3 Nc5 17. Qc2 a5 18. Rfd1 Nd6 19. Nb3 Na6 20. c5 Nxc5 21. Nxc5 bxc5
22. Na4 c4 23. Nb6 Rad8 24. Rac1 e4 25. Be2 Ba6 26. b3 Kh8 27. Nxc4 Nxc4 28.
Bxc4 Bxc4 29. Qxc4 Qa3 30. Qc2 Rd3 31. Bc7 Rc8 32. Bb6 Qb4 33. Bc5 Qb5 34. a4
Qxb3 35. Qxb3 Rxb3 36. Rd7 Rc3 37. Rxc3 Bxc3 38. g4 Kg8 39. Kg2 Be5 40. Re7 Bf6
41. Ra7 Bc3 42. Kg3 Bb4 43. Bd4 Rc7 44. Rxc7 Bd6+ 45. Kh4 Bxc7 46. gxf5 Kf7 47.
Kg5 Bd6 48. h4 c5 49. Bc3 Bc7 50. h5 Bd8+ 51. Kf4 gxh5 52. Kxe4 h4 53. Kf4 c4
54. e4 Bb6 55. Kf3 h5 56. e5 h3 57. Kg3 h2 58. e6+ Ke7 59. Kxh2 Bxf2 60. Bxa5
Bd4 61. Bb4+ Kf6 62. a5 c3 63. a6 c2 64. Bd2 Bc5 65. Kg3 1-0

[Event "PRO League Group Stage"]
[Site "chess.com INT"]
[Date "2018.02.04"]
[Round "4"]
[White "Mohammad, Nubairshah Shaikh"]
[Black "Gunnarsson, Jon Viktor"]
[Result "1/2-1/2"]
[WhiteTitle "IM"]
[BlackTitle "IM"]
[WhiteElo "2380"]
[BlackElo "2466"]
[WhiteTeam "Mumbai Movers"]
[BlackTeam "Reykjavik Puffins"]
[WhiteFideId "5053196"]
[BlackFideId "2300931"]
[EventDate "2018.01.18"]

1. d4 e6 2. c4 b6 3. e4 Bb7 4. Bd3 Bb4+ 5. Kf1 Be7 6. Nc3 d6 7. Nf3 Nd7 8. Be3
Bf6 9. Qd2 Ne7 10. g4 g6 11. h4 c5 12. d5 exd5 13. cxd5 a6 14. g5 Bg7 15. h5
gxh5 16. a4 Ng6 17. Be2 Qe7 18. Qc2 O-O 19. Rxh5 Rae8 20. Nd2 1/2-1/2

[Event "PRO League Group Stage"]
[Site "chess.com INT"]
[Date "2018.02.04"]
[Round "4"]
[White "Mohammad, Nubairshah Shaikh"]
[Black "Klein, David"]
[Result "1-0"]
[WhiteTitle "IM"]
[BlackTitle "GM"]
[WhiteElo "2380"]
[BlackElo "2501"]
[WhiteTeam "Mumbai Movers"]
[BlackTeam "Amsterdam Mosquitoes"]
[WhiteFideId "5053196"]
[BlackFideId "1003623"]
[EventDate "2018.01.18"]

1. d4 f5 2. c4 Nf6 3. Nf3 g6 4. Bf4 Bg7 5. e3 d6 6. Nc3 e6 7. h3 Qe7 8. Bh2 Nc6
9. Be2 Bd7 10. O-O Nd8 11. c5 Nf7 12. cxd6 cxd6 13. d5 e5 14. Qb3 O-O 15. Rac1
Ne4 16. Nxe4 fxe4 17. Nd2 Ng5 18. Rc7 Rac8 19. Qxb7 Rxc7 20. Qxc7 Rc8 21. Qxa7
Rc2 22. Bg4 Rxd2 23. Bxd7 Qf6 24. Qa8+ Bf8 25. Bg3 Rxb2 26. Rc1 Kg7 27. a4 Kh6
28. a5 Qf7 29. a6 Bg7 30. Be6 Qe7 31. Qc8 Ra2 32. Rc7 Qf6 33. Qg8 Rxa6 34. Bh4
Ra1+ 35. Kh2 Bf8 36. Rxh7+ Nxh7 37. Bxf6 Nxf6 38. Qxf8+ Kg5 39. h4+ Kxh4 40.
Qh6+ Nh5 41. g3# 1-0

[Event "PRO League Group Stage"]
[Site "chess.com INT"]
[Date "2018.02.04"]
[Round "4"]
[White "Abdrlauf, Elham"]
[Black "Porper, Edward"]
[Result "1/2-1/2"]
[BlackTitle "IM"]
[WhiteElo "2073"]
[BlackElo "2377"]
[WhiteTeam "Norway Gnomes"]
[BlackTeam "London Lions"]
[WhiteFideId "1533533"]
[BlackFideId "2801604"]
[EventDate "2018.01.18"]

1. e4 e6 2. d4 d5 3. exd5 exd5 4. Nf3 Nc6 5. c3 Bd6 6. Bd3 Bg4 7. O-O Nge7 8.
Be3 Qd7 9. a4 O-O 10. Nbd2 Bf5 11. Qc2 Bxd3 12. Qxd3 Qf5 13. Qxf5 Nxf5 14. Rfe1
Rfe8 15. Nf1 Na5 16. N1d2 Re7 17. b4 Nc6 18. Nf1 Rae8 19. Bd2 a5 20. b5 Na7 21.
c4 Rxe1 22. Rxe1 Rxe1 23. Bxe1 dxc4 24. Bxa5 b6 25. Bc3 Bf4 26. N1d2 Bxd2 27.
Nxd2 Nd6 28. Bb4 Nac8 29. g4 f6 30. a5 bxa5 31. Bxa5 Nxb5 32. Nxc4 Nxd4 33. Bxc7 1/2-1/2